000 00666nam a2200277Ia 4500
005 20260330160706.0
008 008 300114s9999 xx 000 0 eng d
020 _a9789360537821
037 _aEBOOK
040 _aCRL
040 _beng
040 _cCRL
041 _2eng
041 _aeng
084 _qCRL
100 _aJAMES/GILLILAND
_91232139
245 0 _aCRISIS INTERVENTION STRATEGIES (EDITION8)
250 _a8
260 _bcengage
260 _c2017
650 _aCOUNSELLING
856 _uhttps://cengageindiaelibrary.ipublishcentral.net/product-details/480347
942 _cEBOOK
999 _c1843978
_d1843978